Typing Challenge: Isograms Only Quiz Stats

 Plays Quiz Updated Apr 22, 2018

Challenge
Share
Tweet
Embed
Score 0/40 Timer 01:00
0 Plays Today
Type Isograms Only Type or SKIP % Correct
????
100%
????
99.1%
????
61.3%
????
60.4%
????
59.8%
????
58.5%
????
58.3%
????
57.9%
????
57.6%
????
57.1%
????
57%
????
47.8%
????
42.3%
????
42%
????
41.7%
????
41.2%
????
40.5%
????
40.2%
????
39.9%
????
39.2%
Type Isograms Only Type or SKIP % Correct
????
38.6%
????
35.1%
????
34.5%
????
33.3%
????
27.2%
????
25.9%
????
24.8%
????
23.3%
????
21.9%
????
20.2%
????
18%
????
16.2%
????
13%
????
11%
????
9%
????
7.5%
????
6.5%
????
5.1%
????
3.7%
????
1.6%

You're not logged in!

Compare scores with friends on all Sporcle quizzes.
Join for Free
OR
Log In

You Might Also Like...

Show Comments

Extras

Top Quizzes Today


Score Distribution

Your Account Isn't Verified!

In order to create a playlist on Sporcle, you need to verify the email address you used during registration. Go to your Sporcle Settings to finish the process.

Report this User

Report this user for behavior that violates our Community Guidelines.

Details: